Frukter efter Bild - Statistics

General Stats
  • This quiz has been taken 13 times
  • The average score is 17 of 20
Answer Stats
Picture Answer % Correct
Ananas
100%
Äpple
100%
Avokado
100%
Banan
100%
Granatäpple
100%
Hallon
100%
Jordgubbe
100%
Kiwi
100%
Mango
100%
Päron
100%
Persika
100%
Vattenmelon
100%
Björnbär
86%
Passionsfrukt
86%
Röda Vinbär
86%
Fikon
71%
Papaya
71%
Guava
43%
Litchi
43%
Kumquat
29%
No matching quizzes found
Score Distribution
Percent of People with Each Score
Percentile by Number Answered
Your Score History
You have not taken this quiz